[Event "SK Münster 1 - SV Letmathe 1"]
[Site "Oberliga NRW 2019/2020"]
[Date "2019.09.15"]
[Round "1.1"]
[White "Kolosowski, Mateusz"]
[Black "Webb, Laurence"]
[Result "1-0"]
[WhiteElo "2477"]
[BlackElo "2270"]
[PlyCount "89"]
[EventDate "2019.??.??"]
[SourceVersionDate "2020.03.16"]
[WhiteTeam "SV Letmathe 1"]
[BlackTeam "SK Münster 1"]

1. e4 e6 2. d4 d5 3. Nd2 Be7 4. Ngf3 Nf6 5. e5 Nfd7 6. Bd3 c5 7. c3 Nc6 8. O-O
g5 9. dxc5 Ndxe5 10. Nxe5 Nxe5 11. Nb3 Nxd3 12. Qxd3 f6 13. f4 gxf4 14. Bxf4 e5
15. Bh6 Be6 16. Rae1 Rg8 17. Nd4 Qd7 18. Nxe6 Qxe6 19. Qxh7 Bxc5+ 20. Be3 Bxe3+
21. Rxe3 O-O-O 22. Ref3 d4 23. cxd4 Qxa2 24. dxe5 Qxb2 25. R3f2 Qd4 26. exf6
Rgf8 27. Qf5+ Qd7 28. Rc1+ Kb8 29. Qxd7 Rxd7 30. g4 Rd5 31. Kg2 a5 32. h4 Rd4
33. g5 Rxh4 34. Kg3 Rd4 35. Rf4 Rd5 36. Kg4 Rg8 37. Rf5 Rd4+ 38. Kf3 Rd3+ 39.
Ke4 Rg3 40. Kf4 Rg2 41. Rc3 a4 42. Rg3 Rf2+ 43. Kg4 Rb2 44. f7 Rf8 45. g6 1-0

[Event "SK Münster 1 - SV Letmathe 1"]
[Site "Oberliga NRW 2019/2020"]
[Date "2019.09.15"]
[Round "1.2"]
[White "Holtel, Jasper"]
[Black "Dubinski, Mateusz"]
[Result "1/2-1/2"]
[WhiteElo "2271"]
[BlackElo "2320"]
[PlyCount "120"]
[EventDate "2019.??.??"]
[SourceVersionDate "2020.03.16"]
[WhiteTeam "SK Münster 1"]
[BlackTeam "SV Letmathe 1"]

1. e4 e5 2. Nf3 Nc6 3. Bc4 Nf6 4. d3 Be7 5. O-O O-O 6. Re1 d6 7. a4 Na5 8. Ba2
c5 9. c3 Nc6 10. Na3 h6 11. Bd2 Re8 12. h3 Bf8 13. Nc4 Be6 14. b4 cxb4 15. cxb4
Rc8 16. b5 Nd4 17. Nxd4 exd4 18. Na5 Bxa2 19. Rxa2 Qc7 20. f4 d5 21. e5 Nd7 22.
Nb3 f6 23. e6 Nc5 24. Nxc5 Bxc5 25. Qh5 Qd6 26. Qg4 Bb4 27. f5 Bxd2 28. Rxd2
Qb4 29. Rde2 Qxa4 30. e7 Qxb5 31. Qg6 Qxd3 32. Kh2 Qc3 33. Re6 Qc7+ 34. Kh1 d3
35. Rxf6 Rxe7 36. Rfe6 Rxe6 37. Qxe6+ Kh8 38. f6 gxf6 39. Qxf6+ Qg7 40. Qf5 Rg8
41. Qxd5 a5 42. Rb1 Qg5 43. Qxb7 Rg7 44. Qe4 Qg6 45. Rb8+ Kh7 46. Qxg6+ Kxg6
47. Rd8 Kf5 48. Rxd3 Ra7 49. Ra3 a4 50. g4+ Ke4 51. Kg2 Kd4 52. Kg3 Kc4 53. h4
Kb4 54. Ra1 Kb3 55. g5 hxg5 56. hxg5 Kb2 57. Rh1 a3 58. Kg4 a2 59. g6 Rc7 60.
Kf5 a1=Q 1/2-1/2

[Event "SK Münster 1 - SV Letmathe 1"]
[Site "Oberliga NRW 2019/2020"]
[Date "2019.09.15"]
[Round "1.3"]
[White "Soukup, Jiri"]
[Black "Wolter, Kai"]
[Result "1-0"]
[WhiteElo "2351"]
[BlackElo "2292"]
[PlyCount "87"]
[EventDate "2019.??.??"]
[SourceVersionDate "2020.03.16"]
[WhiteTeam "SV Letmathe 1"]
[BlackTeam "SK Münster 1"]

1. d4 Nf6 2. c4 g6 3. Nc3 Bg7 4. e4 d6 5. Nf3 O-O 6. Be2 e5 7. dxe5 dxe5 8. O-O
Nbd7 9. Qc2 c6 10. Rd1 Qc7 11. b3 Re8 12. h3 a5 13. Be3 Nh5 14. c5 Nf4 15. Bf1
Nf8 16. Na4 h6 17. Nb6 Rb8 18. Rd6 Be6 19. Rad1 Qe7 20. Qd2 g5 21. Nh2 h5 22.
Qxa5 g4 23. Qd2 gxh3 24. g3 N4g6 25. Qe2 h4 26. Qh5 Nh7 27. Ng4 Nf6 28. Nxf6+
Bxf6 29. Rxe6 Qxe6 30. Bc4 h2+ 31. Kxh2 hxg3+ 32. fxg3 Bg7 33. Bxe6 Rxe6 34.
Bg5 Nf8 35. a4 Nh7 36. Rd6 Rbe8 37. Bh4 Bf8 38. Rxe6 Rxe6 39. Nd7 Bg7 40. Qf5
Re8 41. b4 Re6 42. b5 Nf8 43. Nxf8 Bxf8 44. Bf6 1-0

[Event "SK Münster 1 - SV Letmathe 1"]
[Site "Oberliga NRW 2019/2020"]
[Date "2019.09.15"]
[Round "1.4"]
[White "Wilde, Pierre"]
[Black "Gruermann, Martin"]
[Result "1/2-1/2"]
[WhiteElo "2220"]
[BlackElo "2192"]
[PlyCount "76"]
[EventDate "2019.??.??"]
[SourceVersionDate "2020.03.16"]
[WhiteTeam "SK Münster 1"]
[BlackTeam "SV Letmathe 1"]

1. c4 b6 2. Nc3 Bb7 3. e4 e6 4. g3 f5 5. Bg2 Nf6 6. d3 Bb4 7. Nge2 fxe4 8. O-O
O-O 9. dxe4 e5 10. a3 Be7 11. h3 c5 12. Nd5 Nc6 13. Qd3 d6 14. Bd2 Nd4 15. b4
Nxd5 16. exd5 Bc8 17. Nxd4 exd4 18. Kh2 Bf5 19. Be4 Qd7 20. Bxf5 Qxf5 21. Qxf5
Rxf5 22. Rae1 Bf8 23. f4 Rf7 24. bxc5 bxc5 25. Rb1 Re8 26. Kg2 Ree7 27. Rb3 Rb7
28. Rfb1 Rxb3 29. Rxb3 g6 30. Kf3 Re7 31. a4 Kf7 32. a5 a6 33. Rb6 Ra7 34. g4
Ke7 35. Ke4 Kf7 36. Kf3 Ke7 37. Ke4 Kf7 38. Kf3 Ke7 1/2-1/2

[Event "SK Münster 1 - SV Letmathe 1"]
[Site "Oberliga NRW 2019/2020"]
[Date "2019.09.15"]
[Round "1.5"]
[White "Adamski, Jan"]
[Black "Schmitzer, Klaus"]
[Result "1/2-1/2"]
[WhiteElo "2168"]
[BlackElo "2242"]
[PlyCount "61"]
[EventDate "2019.??.??"]
[SourceVersionDate "2020.03.16"]
[WhiteTeam "SV Letmathe 1"]
[BlackTeam "SK Münster 1"]

1. Nf3 Nf6 2. c4 e6 3. g3 b6 4. Bg2 Bb7 5. O-O Be7 6. d4 O-O 7. Nc3 Ne4 8. Bd2
f5 9. Qc2 Qe8 10. Rad1 Na6 11. a3 c5 12. dxc5 bxc5 13. Ne1 d5 14. Nxe4 dxe4 15.
f3 Qc6 16. fxe4 fxe4 17. Rf4 Rxf4 18. Bxf4 Rd8 19. Rxd8+ Bxd8 20. Nd3 Bf6 21.
Nf2 Qb6 22. Bxe4 Bxe4 23. Nxe4 Bxb2 24. Qa4 h6 25. Qe8+ Kh7 26. Ng5+ hxg5 27.
Qh5+ Kg8 28. Qe8+ Kh7 29. Qh5+ Kg8 30. Qe8+ Kh7 31. Qh5+ 1/2-1/2

[Event "SK Münster 1 - SV Letmathe 1"]
[Site "Oberliga NRW 2019/2020"]
[Date "2019.09.15"]
[Round "1.6"]
[White "Chilla, Jan Eric"]
[Black "Pfleger, Sascha"]
[Result "1-0"]
[WhiteElo "2202"]
[BlackElo "1987"]
[PlyCount "119"]
[EventDate "2019.??.??"]
[SourceVersionDate "2020.03.16"]
[WhiteTeam "SK Münster 1"]
[BlackTeam "SV Letmathe 1"]

1. Nf3 e6 2. g3 f5 3. Bg2 Nf6 4. O-O Be7 5. c4 O-O 6. b3 c6 7. Qc2 Na6 8. Bb2
Rb8 9. d4 Nb4 10. Qc1 b5 11. a3 Na6 12. b4 bxc4 13. Ne5 Nd5 14. Nxc4 Nac7 15.
Nbd2 Bg5 16. f4 Be7 17. e4 fxe4 18. Nxe4 Ba6 19. Re1 Bxc4 20. Qxc4 a5 21. Nc5
axb4 22. Bh3 Kh8 23. a4 Bd6 24. a5 Nxf4 25. gxf4 Qh4 26. Qd3 Rxf4 27. Ne4 Rbf8
28. Nxd6 Qf2+ 29. Kh1 Qxb2 30. Rf1 Rf2 31. Bg2 R8f4 32. Rxf2 Rxf2 33. Rf1 g6
34. Rxf2 Qxf2 35. Qf1 Qxf1+ 36. Bxf1 b3 37. Nf7+ Kg7 38. Ne5 b2 39. Bd3 d6 40.
Nxc6 Kf6 41. Nb4 e5 42. d5 e4 43. Bxe4 Ke5 44. Bb1 Kd4 45. Kg2 Kc3 46. Nd3 Nxd5
47. a6 Nb6 48. a7 Kb3 49. Kf3 Ka4 50. Nxb2+ Kb5 51. Bd3+ Kc6 52. Na4 Na8 53.
Kf4 Kb7 54. Be4+ Kxa7 55. Bxa8 Kxa8 56. Kg5 Kb7 57. Kh6 Kc6 58. Kxh7 Kb5 59.
Nb2 Kb4 60. Kxg6 1-0

[Event "SK Münster 1 - SV Letmathe 1"]
[Site "Oberliga NRW 2019/2020"]
[Date "2019.09.15"]
[Round "1.7"]
[White "Hunold, Rolf"]
[Black "Bolwerk, Peter"]
[Result "1/2-1/2"]
[WhiteElo "1945"]
[BlackElo "2155"]
[PlyCount "130"]
[EventDate "2019.??.??"]
[SourceVersionDate "2020.03.16"]
[WhiteTeam "SV Letmathe 1"]
[BlackTeam "SK Münster 1"]

1. e4 c5 2. Nf3 e6 3. d4 cxd4 4. Nxd4 a6 5. c4 Qc7 6. Nc3 Nf6 7. Be2 Be7 8. Be3
O-O 9. Rc1 d6 10. O-O Nbd7 11. f4 b6 12. Bf3 Bb7 13. f5 e5 14. Nde2 Rac8 15. g4
h6 16. Qd2 Qd8 17. b3 b5 18. cxb5 axb5 19. Ng3 b4 20. Nd5 Bxd5 21. exd5 Qa5 22.
h4 e4 23. Nxe4 Rxc1 24. Nxf6+ Bxf6 25. Rxc1 Bxh4 26. Bf4 Bf6 27. Kg2 Ne5 28.
Bxe5 Bxe5 29. a4 Re8 30. Rc4 Bc3 31. Qd3 Qd8 32. Re4 Be5 33. Be2 Qh4 34. Qh3
Qe1 35. Qf3 Rc8 36. Bc4 Qb1 37. Qe2 Qa1 38. Qf1 Qc3 39. Qf3 Qd2+ 40. Qe2 Qg5
41. Qe1 h5 42. Qe3 Qxe3 43. Rxe3 hxg4 44. Re4 g3 45. a5 Rc5 46. a6 Ra5 47. Be2
Ra2 48. Kf3 Kf8 49. Rxb4 Ke7 50. Rg4 Kf6 51. b4 Kxf5 52. Bd3+ Kf6 53. b5 g2 54.
Be2 Bd4 55. Rxg2 g5 56. Ke4 Bc5 57. Kd3 Ra3+ 58. Kc4 Kf5 59. Bh5 f6 60. Rb2
Ra4+ 61. Kd3 Ra3+ 62. Kc4 Ra4+ 63. Kd3 Ra3+ 64. Kc4 Ra4+ 65. Kd3 Ra3+ 1/2-1/2

[Event "SK Münster 1 - SV Letmathe 1"]
[Site "Oberliga NRW 2019/2020"]
[Date "2019.09.15"]
[Round "1.8"]
[White "Rott, Georg"]
[Black "Schaar, Axel"]
[Result "1-0"]
[WhiteElo "2058"]
[BlackElo "1849"]
[PlyCount "141"]
[EventDate "2019.??.??"]
[SourceVersionDate "2020.03.16"]
[WhiteTeam "SK Münster 1"]
[BlackTeam "SV Letmathe 1"]

1. e4 c5 2. Nf3 Nc6 3. Bb5 d6 4. O-O Bd7 5. Re1 Nf6 6. h3 a6 7. Bxc6 Bxc6 8. d3
g6 9. e5 dxe5 10. Nxe5 Qd5 11. Nxc6 Qxc6 12. Qe2 O-O-O 13. Nd2 Nd5 14. Nc4 f6
15. Bd2 e5 16. Qf3 Nb4 17. Qd1 Nd5 18. a3 Bd6 19. Qf3 Bc7 20. b4 b5 21. Ne3 Rd6
22. bxc5 Qxc5 23. c4 Nxe3 24. Rxe3 Qc6 25. Qe2 Rhd8 26. Rc1 e4 27. cxb5 Qxb5
28. Rxe4 Rxd3 29. Rec4 Rxd2 30. Rxc7+ Kb8 31. Qxb5+ axb5 32. Rxh7 Rd1+ 33. Rxd1
Rxd1+ 34. Kh2 Ra1 35. Rf7 f5 36. Rf6 Rxa3 37. Rb6+ Kc7 38. Rxb5 Ra6 39. Kg3 Kc6
40. Re5 Kd6 41. Re8 Kd7 42. Re2 Ra4 43. f4 Rb4 44. Kh4 Rb3 45. Re5 Rb2 46. g4
Rb3 47. gxf5 gxf5 48. Rxf5 Ke6 49. Ra5 Kf6 50. Kg4 Rb6 51. h4 Kg6 52. Re5 Rb1
53. Re6+ Kf7 54. Ra6 Kg7 55. Kg5 Rg1+ 56. Kf5 Rh1 57. Rg6+ Kf7 58. Rg4 Rh2 59.
Kg5 Kg7 60. Rg1 Ra2 61. h5 Ra8 62. Rb1 Ra5+ 63. f5 Ra7 64. Rb6 Rf7 65. f6+ Kh7
66. Re6 Rf8 67. Re7+ Kh8 68. Kg6 Rg8+ 69. Rg7 Rf8 70. Rh7+ Kg8 71. f7+ 1-0

[Event "SVG Plettenberg 1 - SV Dinslaken 1"]
[Site "Oberliga NRW 2019/2020"]
[Date "2019.09.15"]
[Round "1.1"]
[White "Tereick, Benjamin"]
[Black "Haub, Thorsten Michael"]
[Result "1/2-1/2"]
[WhiteElo "2367"]
[BlackElo "2391"]
[PlyCount "82"]
[EventDate "2019.??.??"]
[SourceVersionDate "2020.03.16"]
[WhiteTeam "SV Dinslaken 1"]
[BlackTeam "SVG Plettenberg 1"]

1. Nf3 g6 2. e4 Bg7 3. d4 d6 4. c3 Nd7 5. Bc4 e6 6. O-O Ne7 7. Re1 O-O 8. Nbd2
c5 9. Nb3 cxd4 10. cxd4 d5 11. exd5 exd5 12. Bf1 Nc6 13. Bg5 Qb6 14. Qd2 a5 15.
Bh6 a4 16. Bxg7 Kxg7 17. Nc1 Nf6 18. Ne2 Bg4 19. Red1 Rfe8 20. Ng3 Ne4 21. Qf4
Nxg3 22. hxg3 Re4 23. Qd2 Bxf3 24. gxf3 Rxd4 25. Qc3 Rd8 26. f4 Kg8 27. Rxd4
Nxd4 28. Rd1 Nf5 29. Bh3 Ng7 30. Qd4 Qb5 31. Rc1 Qe8 32. Rc7 b5 33. Rb7 Qe1+
34. Bf1 Nf5 35. Qf6 Rf8 36. Rxb5 Nxg3 37. fxg3 Qxg3+ 38. Kh1 Qe1 39. Kg1 Qg3+
40. Kh1 Qe1 41. Kg1 Qg3+ 1/2-1/2

[Event "SVG Plettenberg 1 - SV Dinslaken 1"]
[Site "Oberliga NRW 2019/2020"]
[Date "2019.09.15"]
[Round "1.3"]
[White "Mundorf, Johannes"]
[Black "Browning, Alex"]
[Result "1-0"]
[WhiteElo "2185"]
[BlackElo "2286"]
[PlyCount "65"]
[EventDate "2019.??.??"]
[SourceVersionDate "2020.03.16"]
[WhiteTeam "SV Dinslaken 1"]
[BlackTeam "SVG Plettenberg 1"]

1. Nf3 Nf6 2. g3 g6 3. b3 Bg7 4. Bb2 O-O 5. Bg2 a5 6. O-O Nc6 7. c4 a4 8. d4 d6
9. d5 Na5 10. Nbd2 c5 11. e4 e5 12. b4 cxb4 13. Qxa4 Qb6 14. a3 bxa3 15. Bxa3
Qc7 16. Qb4 Ra6 17. c5 Re8 18. cxd6 Qd8 19. Rfc1 Bf8 20. Bf1 Bxd6 21. Qc3 Bxa3
22. Rxa3 Ra8 23. Nxe5 Qe7 24. f4 b6 25. Nc6 Qf8 26. Rxa5 bxa5 27. Qxf6 a4 28.
d6 h5 29. Bc4 Be6 30. Ne7+ Kh7 31. Bxe6 fxe6 32. Qxg6+ Kh8 33. Rc5 1-0

[Event "SVG Plettenberg 1 - SV Dinslaken 1"]
[Site "Oberliga NRW 2019/2020"]
[Date "2019.09.15"]
[Round "1.4"]
[White "Litwak, Aleksej"]
[Black "Ossig, Rainer"]
[Result "1/2-1/2"]
[WhiteElo "2267"]
[BlackElo "2162"]
[PlyCount "56"]
[EventDate "2019.??.??"]
[SourceVersionDate "2020.03.16"]
[WhiteTeam "SVG Plettenberg 1"]
[BlackTeam "SV Dinslaken 1"]

1. e4 e6 2. d4 d5 3. Nd2 h6 4. Bd3 Nf6 5. Ngf3 c5 6. dxc5 dxe4 7. Nxe4 Nxe4 8.
Bxe4 Qxd1+ 9. Kxd1 Bxc5 10. Ke2 Nd7 11. Be3 f5 12. Bd3 Bxe3 13. Kxe3 Ke7 14.
Rad1 Kf6 15. Bc4 Nb6 16. Bb3 Bd7 17. Rd6 Rhe8 18. Rhd1 Bc6 19. c4 Bxf3 20. gxf3
Rac8 21. R1d4 Rc5 22. Kd3 Ke7 23. f4 g5 24. Bd1 Rxc4 25. Rxe6+ Kxe6 26. Bb3
gxf4 27. Bxc4+ Nxc4 28. Rxc4 Re7 1/2-1/2

[Event "SVG Plettenberg 1 - SV Dinslaken 1"]
[Site "Oberliga NRW 2019/2020"]
[Date "2019.09.15"]
[Round "1.5"]
[White "Strijbos, Maarten"]
[Black "Schulze, Marc"]
[Result "1-0"]
[WhiteElo "2309"]
[BlackElo "2226"]
[Annotator "Daniel"]
[PlyCount "63"]
[EventDate "2019.??.??"]
[SourceVersionDate "2020.03.16"]
[WhiteTeam "SV Dinslaken 1"]
[BlackTeam "SVG Plettenberg 1"]

1. e4 c5 2. Nc3 Nc6 3. g3 e6 4. Bg2 Nf6 5. Nge2 Be7 6. d4 cxd4 7. Nxd4 O-O 8.
O-O d6 9. Nxc6 bxc6 10. e5 Nd5 11. exd6 Bxd6 12. Ne4 Be7 13. c4 Nf6 14. Be3 Qa5
15. Bg5 Bb7 16. Nxf6+ Bxf6 17. Bxf6 gxf6 18. b4 Qxb4 19. Qg4+ Kh8 20. Rab1 Qe7
21. Qh4 Kg7 22. Be4 h6 $11 23. Rfe1 Rab8 24. Qg4+ Kh8 25. Qf4 Kg7 26. Bxc6 e5
27. Qg4+ Kh8 28. Rxb7 Rxb7 29. Qf5 Kg7 30. Be4 Rg8 31. Qh7+ Kf8 32. Qxh6+ 1-0

[Event "SVG Plettenberg 1 - SV Dinslaken 1"]
[Site "Oberliga NRW 2019/2020"]
[Date "2019.09.15"]
[Round "1.6"]
[White "Wedda, Dries"]
[Black "Sonnenschein, Philipp"]
[Result "1/2-1/2"]
[WhiteElo "2169"]
[BlackElo "2119"]
[Annotator "Daniel"]
[PlyCount "152"]
[EventDate "2019.??.??"]
[SourceVersionDate "2020.03.16"]
[WhiteTeam "SVG Plettenberg 1"]
[BlackTeam "SV Dinslaken 1"]

1. d4 Nf6 2. c4 g6 3. Nc3 d5 4. cxd5 Nxd5 5. e4 Nxc3 6. bxc3 Bg7 7. Bb5+ c6 8.
Ba4 O-O 9. Nf3 Bg4 10. O-O e5 11. Ba3 Re8 12. h3 Bxf3 13. Qxf3 exd4 14. Rad1
Qf6 15. cxd4 Qxf3 16. gxf3 Nd7 17. d5 Nb6 18. Bb3 cxd5 19. Bxd5 Nxd5 20. Rxd5
Bf8 21. Bb2 $11 Rad8 22. Rfd1 Be7 23. Rd7 f6 24. Kg2 Kf7 25. f4 Ke6 26. Rxd8
Rxd8 27. Rxd8 Bxd8 28. Bd4 a6 29. Kf1 Bc7 30. Be3 Kd7 31. Ke2 Kc6 32. Kd3 Bb6
33. Bxb6 Kxb6 34. e5 Kc6 35. exf6 Kd6 36. Kd4 h5 37. f7 Ke7 38. Kc5 Kxf7 39.
Kb6 Kf6 40. Kxb7 Kf5 41. Kxa6 Kxf4 42. Kb5 g5 43. a4 g4 44. h4 Kf3 45. a5 Kxf2
46. a6 g3 47. a7 g2 48. a8=Q g1=Q 49. Qa7+ Kg2 50. Qg7+ Kh2 51. Qg5 Qd1 52. Qf5
Kg3 53. Qg5+ Qg4 54. Ka6 Kh3 55. Qe3+ Kxh4 56. Qe7+ Kg3 57. Qe3+ Qf3 58. Qe1+
Kf4 59. Qh4+ Kf5 60. Qd8 Qc6+ 61. Ka7 Qa4+ 62. Kb8 h4 63. Qf8+ Kg4 64. Qg7+ Kf3
65. Qc3+ Ke4 66. Qe1+ Kd5 67. Qd2+ Qd4 68. Qg2+ Qe4 69. Qd2+ Ke6 70. Qh6+ Kd7
71. Qg7+ Qe7 72. Qg4+ Ke8 73. Qg6+ Kf8 74. Qh6+ Ke8 75. Qg6+ Kf8 76. Qh6+ Ke8
1/2-1/2

[Event "SVG Plettenberg 1 - SV Dinslaken 1"]
[Site "Oberliga NRW 2019/2020"]
[Date "2019.09.15"]
[Round "1.7"]
[White "Bergmans, Dirk"]
[Black "Pieper, Dawid"]
[Result "1/2-1/2"]
[WhiteElo "2077"]
[BlackElo "2159"]
[PlyCount "32"]
[EventDate "2019.??.??"]
[SourceVersionDate "2020.03.16"]
[WhiteTeam "SV Dinslaken 1"]
[BlackTeam "SVG Plettenberg 1"]

1. d4 d5 2. Bf4 c5 3. e3 Nc6 4. c3 Qb6 5. Qc2 cxd4 6. exd4 Nf6 7. Nd2 Bd7 8.
Bd3 e6 9. Ngf3 Nh5 10. Be3 g6 11. O-O Bd6 12. g3 Rc8 13. Qb3 Qc7 14. Bh6 f6 15.
Rfe1 Kf7 16. Qd1 Rhe8 1/2-1/2

[Event "SVG Plettenberg 1 - SV Dinslaken 1"]
[Site "Oberliga NRW 2019/2020"]
[Date "2019.09.15"]
[Round "1.8"]
[White "Jansen, Dirk Norbert"]
[Black "Hamann, Frank"]
[Result "1-0"]
[WhiteElo "2114"]
[BlackElo "1954"]
[Annotator "Daniel"]
[PlyCount "107"]
[EventDate "2019.??.??"]
[SourceVersionDate "2020.03.16"]
[WhiteTeam "SVG Plettenberg 1"]
[BlackTeam "SV Dinslaken 1"]

1. e4 c5 2. Nf3 d6 3. d4 cxd4 4. Nxd4 Nf6 5. Nc3 Nc6 6. Bc4 g6 7. Nxc6 bxc6 8.
e5 Nd7 9. e6 fxe6 10. Bxe6 Nf6 11. Bxc8 Qxc8 12. Qf3 Bg7 13. Bg5 O-O 14. O-O
Rb8 15. Rab1 e5 16. Bxf6 Bxf6 17. Qd3 d5 18. f3 Qf5 19. Na4 Be7 20. Qa6 Qd7 21.
Rfe1 Bd6 22. c4 Qb7 23. Qxb7 Rxb7 24. Rbd1 d4 25. c5 Bc7 26. Re4 g5 27. h4 h6
$11 28. hxg5 hxg5 29. Rg4 Bd8 30. Re1 Bf6 31. b3 Rb5 32. Kf2 Kg7 33. Rc1 Be7
34. Re4 Bf6 35. Nb2 a5 36. Rc4 Rb4 37. Rxb4 axb4 38. Nd3 Ra8 39. Nxb4 Ra5 40.
Nxc6 Rxc5 41. Nb4 Rc3 42. Re2 Rc5 43. Rc2 Rb5 44. Nd3 Kf7 45. Rc5 Rxc5 46. Nxc5
Be7 47. Ne4 Ke6 48. Ke2 Kf5 49. Kd3 Ba3 50. Nf2 Kf4 51. Nh3+ Kf5 52. g4+ Kf6
53. Nf2 Kg6 54. Kc4 1-0

[Event "Bahn-SC Wuppertal 1 - SV Mülheim-Nord "]
[Site "Oberliga NRW 2019/2020"]
[Date "2019.09.15"]
[Round "1.1"]
[White "Buckels, Valentin"]
[Black "Savchenko, Vyacheslav"]
[Result "0-1"]
[WhiteElo "2444"]
[BlackElo "2345"]
[PlyCount "176"]
[EventDate "2019.??.??"]
[SourceVersionDate "2020.03.16"]
[WhiteTeam "SV Mülheim-Nord 2"]
[BlackTeam "Bahn-SC Wuppertal 1"]

1. d4 d5 2. Bf4 Nf6 3. e3 g6 4. Nf3 Bg7 5. c4 O-O 6. Nc3 c6 7. Be2 dxc4 8. Bxc4
Nbd7 9. O-O Nb6 10. Bb3 Nbd5 11. Be5 b6 12. Nxd5 Nxd5 13. Rc1 Bb7 14. Qd2 Nf6
15. Rfd1 Rc8 16. Qe2 e6 17. e4 Qe7 18. Bf4 Nd7 19. e5 h6 20. Qe3 Kh7 21. h4 c5
22. d5 exd5 23. Bxd5 Bxd5 24. Rxd5 Rfe8 25. Rcd1 Nf8 26. h5 Rc6 27. hxg6+ fxg6
28. b3 Re6 29. R1d3 Qf7 30. Nd2 g5 31. Bg3 Qf5 32. Nc4 R8e7 33. Nd6 Qg6 34. Nc8
Re8 35. Nd6 R8e7 36. Qe2 Kg8 37. Re3 h5 38. f4 gxf4 39. Bxf4 h4 40. Ne4 Rf7 41.
Rf3 Qg4 42. Qf2 Rg6 43. Nd6 Re7 44. Bh2 Ne6 45. Nf5 Rf7 46. Nxh4 Rxf3 47. Nxf3
Qe4 48. Rd7 Rg4 49. Re7 Bh6 50. Nd2 Qg6 51. Nf1 Bf8 52. Rxa7 c4 53. Kh1 Bc5 54.
Qf3 c3 55. Ra8+ Kg7 56. Ra7+ Kg8 57. Ra8+ Kg7 58. Qxc3 Rxg2 59. Ng3 Rf2 60.
Ra7+ Kf8 61. Ra8+ Ke7 62. Ra7+ Kd8 63. Qc4 Qb1+ 64. Bg1 Rd2 65. Ne2 Qf5 66.
Qh4+ Kc8 67. Qg3 Qe4+ 68. Qg2 Qxg2+ 69. Kxg2 Rxe2+ 70. Kf1 Rxe5 71. Bxc5 Nxc5
72. b4 Kb8 73. Rh7 Na4 74. Kf2 Re4 75. a3 Rc4 76. Ke3 Rc7 77. Rh8+ Kb7 78. Kd4
Ka6 79. Rh3 Rc1 80. Rg3 Nb2 81. Rb3 Rc2 82. Rh3 Kb5 83. Rh5+ Ka4 84. Rh6 Nc4
85. Rc6 Kb3 86. b5 Rd2+ 87. Ke4 Rd6 88. a4 Kb4 0-1

[Event "Bahn-SC Wuppertal 1 - SV Mülheim-Nord "]
[Site "Oberliga NRW 2019/2020"]
[Date "2019.09.15"]
[Round "1.2"]
[White "Savchenko, Aleksij"]
[Black "Hausrath, Daniel"]
[Result "0-1"]
[WhiteElo "2296"]
[BlackElo "2453"]
[PlyCount "62"]
[EventDate "2019.??.??"]
[SourceVersionDate "2020.03.16"]
[WhiteTeam "Bahn-SC Wuppertal 1"]
[BlackTeam "SV Mülheim-Nord 2"]

1. e4 d6 2. Nc3 e5 3. g3 Nf6 4. Bg2 g6 5. d3 Bg7 6. Nge2 c5 7. O-O Nc6 8. f4
exf4 9. Nxf4 O-O 10. Nfd5 Nxd5 11. Nxd5 Be6 12. c3 b5 13. Bf4 b4 14. Qd2 Rb8
15. Bh6 Bxd5 16. exd5 bxc3 17. bxc3 Ne5 18. Bxg7 Kxg7 19. d4 cxd4 20. cxd4 Nc4
21. Qe2 Rc8 22. Rac1 Nb6 23. Rc6 Re8 24. Qf2 Qe7 25. Kh1 Rcd8 26. Qc2 Rd7 27.
a4 Qg5 28. Rc7 Rxc7 29. Qxc7 Qe7 30. Qc6 Rc8 31. Qb5 Rc2 0-1

[Event "Bahn-SC Wuppertal 1 - SV Mülheim-Nord "]
[Site "Oberliga NRW 2019/2020"]
[Date "2019.09.15"]
[Round "1.3"]
[White "Zelbel, Patrick"]
[Black "Biriukov, Nikolai"]
[Result "1-0"]
[WhiteElo "2412"]
[BlackElo "2326"]
[PlyCount "53"]
[EventDate "2019.??.??"]
[SourceVersionDate "2020.03.16"]
[WhiteTeam "SV Mülheim-Nord 2"]
[BlackTeam "Bahn-SC Wuppertal 1"]

1. e4 e5 2. f4 d5 3. exd5 exf4 4. Nf3 Nf6 5. Nc3 Nxd5 6. Nxd5 Qxd5 7. d4 Bd6 8.
c4 Qe6+ 9. Be2 c6 10. O-O O-O 11. Bd3 Qf6 12. Qc2 h6 13. Bd2 Bg4 14. Ne5 Bxe5
15. dxe5 Qxe5 16. Rxf4 Be6 17. Re1 Qc5+ 18. Kh1 Na6 19. a3 Rad8 20. Rf3 Rxd3
21. Qxd3 Bxc4 22. Qb1 Qd6 23. Bf4 Qd7 24. Rg3 Kh8 25. Qc1 Re8 26. Rxe8+ Qxe8
27. Bxh6 1-0

[Event "Bahn-SC Wuppertal 1 - SV Mülheim-Nord "]
[Site "Oberliga NRW 2019/2020"]
[Date "2019.09.15"]
[Round "1.4"]
[White "Bashilin, Roman"]
[Black "van Osch, Mees"]
[Result "1/2-1/2"]
[WhiteElo "2250"]
[BlackElo "2319"]
[Annotator "Daniel"]
[PlyCount "92"]
[EventDate "2019.??.??"]
[SourceVersionDate "2020.03.16"]
[WhiteTeam "Bahn-SC Wuppertal 1"]
[BlackTeam "SV Mülheim-Nord 2"]

1. d4 Nf6 2. Nf3 g6 3. Bf4 Bg7 4. e3 O-O 5. Be2 c5 6. c3 b6 7. O-O Bb7 8. h3 d6
9. Nbd2 Nbd7 10. a4 a6 11. Bh2 Ra7 12. Re1 Qa8 13. Bf1 Ne4 14. Nxe4 Bxe4 15.
Nd2 Bc6 16. b4 cxb4 17. cxb4 Rc8 18. b5 axb5 19. axb5 Bd5 20. Ra6 Bb7 21. Rxa7
Qxa7 22. Qb1 Qa5 23. Nc4 Qa4 24. Rc1 Bd5 25. Nb2 Qa8 26. Rxc8+ Qxc8 27. Nd3 Nf6
28. Qa1 Qf5 29. Nf4 Bh6 30. Bd3 Be4 31. Bxe4 Qxe4 32. Bg3 $11 Bxf4 33. Bxf4 Kg7
34. Kh2 Nd5 35. Bg3 h5 36. Qa8 h4 37. Bxh4 Qxh4 38. Qxd5 Qxf2 39. Qe4 e6 40.
Qf4 Qe2 41. Qxd6 Qxb5 42. e4 Qg5 43. Qxb6 Qf4+ 44. Kh1 Qxe4 45. Qb2 Kh7 46. Qf2
Kg7 1/2-1/2

[Event "Bahn-SC Wuppertal 1 - SV Mülheim-Nord "]
[Site "Oberliga NRW 2019/2020"]
[Date "2019.09.15"]
[Round "1.5"]
[White "van Meegen, Ruud"]
[Black "Ries, Benjamin"]
[Result "1-0"]
[WhiteElo "2277"]
[BlackElo "2252"]
[PlyCount "71"]
[EventDate "2019.??.??"]
[SourceVersionDate "2020.03.16"]
[WhiteTeam "SV Mülheim-Nord 2"]
[BlackTeam "Bahn-SC Wuppertal 1"]

1. Nf3 d5 2. e3 Nf6 3. c4 c6 4. Nc3 a6 5. d4 Bg4 6. h3 Bxf3 7. Qxf3 e6 8. Bd3
c5 9. cxd5 exd5 10. dxc5 Nc6 11. O-O Bxc5 12. Rd1 Ne5 13. Qe2 Qd6 14. Nxd5 Qxd5
15. Bb5+ axb5 16. Rxd5 Nxd5 17. Qh5 Bd6 18. Qd1 O-O-O 19. Qxd5 Bc7 20. Qb3 Rd3
21. Qc2 Rhd8 22. Kf1 Rd1+ 23. Ke2 Rg1 24. Rb1 Rxg2 25. Bd2 Nd3 26. Be1 Rg5 27.
Rd1 Rgd5 28. Ba5 Rc5 29. Bc3 Rcd5 30. Bd4 Rxd4 31. exd4 Nf4+ 32. Kf1 g6 33. Rc1
Rd7 34. Qe4 Ne6 35. d5 Nd8 36. Qc2 1-0

[Event "Bahn-SC Wuppertal 1 - SV Mülheim-Nord "]
[Site "Oberliga NRW 2019/2020"]
[Date "2019.09.15"]
[Round "1.6"]
[White "Savchenko, Daniel"]
[Black "Baltic, Fatih"]
[Result "1/2-1/2"]
[WhiteElo "2122"]
[BlackElo "2192"]
[PlyCount "28"]
[EventDate "2019.??.??"]
[SourceVersionDate "2020.03.16"]
[WhiteTeam "Bahn-SC Wuppertal 1"]
[BlackTeam "SV Mülheim-Nord 2"]

1. e4 e5 2. Nf3 Nc6 3. Bb5 a6 4. Ba4 d6 5. c3 Bd7 6. d4 g6 7. dxe5 Nxe5 8. Nxe5
dxe5 9. Bxd7+ Qxd7 10. Qxd7+ Kxd7 11. Be3 Nf6 12. f3 Ke6 13. Nd2 Nd7 14. Nb3
Be7 1/2-1/2

[Event "Bahn-SC Wuppertal 1 - SV Mülheim-Nord "]
[Site "Oberliga NRW 2019/2020"]
[Date "2019.09.15"]
[Round "1.7"]
[White "Hoenig, Alexander"]
[Black "Tueckmantel, Rene"]
[Result "0-1"]
[WhiteElo "2182"]
[BlackElo "2076"]
[PlyCount "88"]
[EventDate "2019.??.??"]
[SourceVersionDate "2020.03.16"]
[WhiteTeam "SV Mülheim-Nord 2"]
[BlackTeam "Bahn-SC Wuppertal 1"]

1. d4 Nf6 2. Nf3 g6 3. c4 c5 4. d5 b5 5. Qc2 bxc4 6. e4 Bg7 7. Bxc4 d6 8. O-O
O-O 9. Nc3 Ba6 10. Nd2 Qa5 11. Rb1 Ng4 12. Bxa6 Qxa6 13. a4 Qc8 14. Nc4 Na6 15.
Qe2 Ne5 16. Nxe5 Bxe5 17. f4 Bg7 18. f5 Nb4 19. Bg5 Qd7 20. f6 exf6 21. Bxf6
Rfe8 22. Qf3 Bxf6 23. Qxf6 Nd3 24. Rf3 Ne5 25. Rg3 Qe7 26. Rf1 a6 27. Qf4 Rab8
28. h4 h5 29. Nd1 Kh7 30. Rg5 Rf8 31. Qf6 Qxf6 32. Rxf6 Rfd8 33. Rf2 Rb4 34.
Nc3 Kg7 35. Rg3 Rdb8 36. Nd1 Rxe4 37. Ne3 Kf8 38. a5 Rb5 39. b3 Rxb3 40. Nf1
Rb1 41. Rc3 Rxh4 42. g3 Ra4 43. Kg2 Rxa5 44. Nd2 Rb2 0-1